LEADER 01054nam0 2200289 i 450 001 SUN0001396 005 20111013092829.282 010 $a88-14-06581-0 020 $aIT$b98 1555 100 $a20020701d1997 |0itac50 ba 101 $aita 102 $aIT 105 $a|||| ||||| 200 1 $aˆLe ‰assicurazioni fideiussorie$fClaudio Russo 210 $aMilano$cGiuffrè$d1997 215 $aXIII, 177 p.$d24 cm. 410 1$1001SUN0008864$12001 $aˆIl ‰diritto della banca e della borsa$v25$1210 $aMilano$cGiuffrè. 606 $aAssicurazioni fideiussorie$xDiritto$2FI$3SUNC001009 620 $dMilano$3SUNL000284 676 $a346.4508684$v21 700 1$aRusso$b, Claudio$3SUNV001415$0145127 712 $aGiuffrè$3SUNV001757$4650 801 $aIT$bSOL$c20181231$gRICA 912 $aSUN0001396 950 $aUFFICIO DI BIBLIOTECA DEL DIPARTIMENTO DI GIURISPRUDENZA$d00CONS VI.Ef.23 $e00 12073 20030210 996 $aAssicurazioni fideiussorie$9698202 997 $aUNICAMPANIA LEADER 00976nam 2200289z- 450 001 9910437463103321 005 20200330092502.0 035 $a(CKB)3820000000034575 035 $a(EXLCZ)993820000000034575 100 $a20180416c2016uuuu -u- - 101 0 $aita 200 10$aArcheologie del dispositivo $eregimi scopici della letteratura /$fMichele Cometa 210 $aCosenza $cLuigi Pellegrini$d2016 311 $a88-6822-391-0 311 $a978-88-6822-391-5 517 $aArcheologie del dispositivo 606 $aVisual perception in literature 606 $aOptical instruments in literature 606 $aLiterature, Modern$xHistory and criticism 615 0$aVisual perception in literature. 615 0$aOptical instruments in literature. 615 0$aLiterature, Modern$xHistory and criticism. 700 $aCometa$b Michele$039841 906 $aBOOK 912 $a9910437463103321 996 $aArcheologie del dispositivo$91551034 997 $aUNINA